VRAI-FAUX sur le Titanic - Statistiques

Statistiques générales
  • Ce quiz a été pris 251 fois
  • Le résultat moyen est 21 sur 50
Statistiques - réponses
Question Réponse % Correct
Les premiers canots sont partis à moitié vides VRAI
68%
Le navire appartenait à la White Star Line VRAI
68%
La 2e classe du Titanic offrait un confort similaire à la 1ère classe des autres paquebots. VRAI
65%
Archibald Gracie, survivant, a écrit un roman sur le naufrage, il est publié inachevé en 1913 car son auteur est mort VRAI
62%
Le restaurant du Titanic est décoré en style nouille FAUX
59%
Le commandant du Titanic était Henry Smith FAUX
58%
Le film de James Cameron a obtenu 11 oscars VRAI
56%
Jacques Futrelle, mort dans le naufrage, est un auteur de romans policiers français FAUX
55%
34 des cabines du Titanic sont décorés dans des styles particuliers, Renaissance, Empire, Régence, Louis XVI, Louis XIV... VRAI
53%
L'épave du Titanic a été découverte par Robert Duane Ballard en 1985 VRAI
52%
Le Titanic dispose d'un gymnase VRAI
52%
Le Titanic était un des navire de la classe Adriatic FAUX
50%
Le 2e officier du Titanic, Charles Lightoller a survécu à deux naufrages dont ceuui du Titanic VRAI
50%
Une commission américaine d'enquête interroge les témoins dès le lendemain de leur arrivée à New York VRAI
48%
La dernière halte du Titanic en Europe est à Cherbourg FAUX
47%
L'Olympic, sister-ship du Titanic a coulé en 1934 dans l'Atlantique FAUX
47%
Le Titanic a été construit à Southampton FAUX
47%
Le 1er canot a quitté le Titanic à 0h45 VRAI
47%
Le Carpathia qui s'était porté au secours du Titanic a été coulé pendant la 1ère Guerre mondiale VRAI
45%
Les photos du dernier voyage du Titanic ont essentiellement été réalisées par un Jésuite irlandais VRAI
45%
Le capitaine du Carpathia qui s'est porté au secours du Titanic s'appelait Arthur Rostron VRAI
44%
Le Titanic est le 1er à effectuer un trajet commercial parmi les navires de sa classe FAUX
42%
Le 10 avril 1912, le Titanic a failli entrer en collision avec le New York VRAI
42%
Morgan Robertson a écrit en 1888 Le naufrage du Titan qui présente des similitudes avec celui du Titanic VRAI
42%
La 1ère embarcation a été récupérée par le Carpathia à 4h10 VRAI
41%
Le Britannic, sister-ship du Titanic a coulé en 1916 en mer Egée VRAI
41%
Les passagers sont prévenus de l'ouverture de la salle à manger par un coup de gong FAUX
39%
Il y un un court de tennis sur le Titanic FAUX
38%
Le guetteur qui a vu l'iceberg se nommait Frederic Flood FAUX
38%
Le grand salon des 1ère classes est de style Louis XV VRAI
38%
La grande salle à manger de 1ère classe du Titanic offre 554 place sur 115 tables. Les enfants n'y sont admis que s'il reste de la place VRAI
38%
Les hommes de la 1ère classe qui n'ont pas pu embarquer sur les canots ont attendu la fin dans le fumoir VRAI
38%
Les rescapés sont arrivés à New York dans la journée du 21 avril FAUX
36%
Le dernier canot a quitté le Titanic 15 minutes avant le naufrage VRAI
36%
Le dernier survivant masculin du Titanic était français VRAI
35%
On a la photographie de l'iceberg qui a heurté le Titanic VRAI
32%
Louise Laroche, survivante française, morte en 1998, était noire VRAI
32%
Le 1er ouvrage historique sur le Titanic a été publié dès 1925 FAUX
30%
Le Titanic est le 1er navire à disposer d'une piscine FAUX
30%
La dernière survivante du naufrage, Millvina Dean, était aussi la plus jeune lors de l'embarquement, elle avait six mois. FAUX
29%
Benjamin Guggenheim, mort dans le naufrage avait fait fortune dans le pétrole FAUX
29%
On peut utiliser un chameau électrique sur le Titanic VRAI
29%
C'est en 1902 qu'a été décidée la construction du Titanic FAUX
27%
Toutes les cabines de 1ère classe ont une salle de bains FAUX
26%
George Dunton Widener, mort dans le naufrage était l'homme le plus riche de Philadelphie VRAI
26%
Le dernier rescapé à monter à bord du Carpathia est le 2e officier du Titanic à 10h du matin FAUX
24%
Le dernier survivant masculin du Titanic n'a pas pu voir le film, il était décédé avant FAUX
24%
Les Nazis ont tourné un film de propagande anti-britannique en 1939 sur le sujet. FAUX
23%
On peut assister à des offices, catholiques, anglicans et juifs à bord du Titanic FAUX
20%
Les deux plus belles suites comportent, un salon, deux chambres, un vestiaire, une salle de bans, des toilettes, une promenade privée et une salle à manger FAUX
14%
Aucun quiz correspondant
Distribution des résultats
% des personnes avec chaque résultat
Percentile par nombre de réponses
Votre historique - résultats
Vous n’avez pas pris ce quiz